[Event "Edmonton-ch Reserves"]
[Site "Edmonton"]
[Date "2009.01.22"]
[Round "3"]
[White "Laboucane, Randy"]
[Black "Sekuloff, Mike"]
[Result "1/2-1/2"]
[WhiteElo "1926"]
[BlackElo "1570"]
[PlyCount "28"]
[EventDate "2009.01.08"]
[EventType "swiss"]
[EventRounds "7"]
[EventCountry "CAN"]
[SourceTitle "EXT 2011"]
[Source "ChessBase"]
[SourceDate "2010.11.26"]
[SourceVersion "1"]
[SourceVersionDate "2010.11.26"]
[SourceQuality "1"]

1. d4 d5 2. Nf3 Nf6 3. Bf4 e6 4. e3 Bd6 5. Bg5 0-0 6. Ne5 Nbd7 7. f4 Be7 8. Bd3 Ne4 9. Bxe7 Qxe7 10. 0-0 f6 11. Nxd7 Bxd7 12. Bxe4 dxe4 13. Nc3 f5 14. Ne2 Rad8 1/2-1/2

[Event "Edmonton-ch Reserves"]
[Site "Edmonton"]
[Date "2009.01.15"]
[Round "2"]
[White "Johnson, Ron"]
[Black "Laboucane, Randy"]
[Result "0-1"]
[WhiteElo "1442"]
[BlackElo "1926"]
[PlyCount "64"]
[EventDate "2009.01.08"]
[EventType "swiss"]
[EventRounds "7"]
[EventCountry "CAN"]
[SourceTitle "EXT 2011"]
[Source "ChessBase"]
[SourceDate "2010.11.26"]
[SourceVersion "1"]
[SourceVersionDate "2010.11.26"]
[SourceQuality "1"]

1. e4 c5 2. Nf3 d6 3. d4 cxd4 4. Nxd4 Nf6 5. Nc3 a6 6. Be2 e6 7. 0-0 Be7 8. Be3 Qc7 9. f4 Nbd7 10. Nf3 Ng4 11. Bd2 Qc5+ 12. Kh1 Nf2+ 13. Rxf2 Qxf2 14. f5 Qc5 15. Bf4 b5 16. a3 Nb6 17. Bd3 0-0 18. Qe1 Bf6 19. Bxd6 Qxd6 20. e5 Bxe5 21. Nxe5 exf5 22. Nf3 Bb7 23. Qf2 g6 24. Rd1 Qf6 25. Nd4 Rad8 26. Nb3 Nc4 27. Bxc4 Rxd1+ 28. Nxd1 bxc4 29. Na5 Qd8 30. Nxb7 Qxd1+ 31. Qg1 Qxc2 32. Nc5 Rd8 0-1

[Event "Edmonton Halloween op"]
[Site "Edmonton"]
[Date "2008.10.16"]
[Round "3"]
[White "Mendryk, Wayne"]
[Black "Laboucane, Randy"]
[Result "0-1"]
[WhiteElo "1424"]
[BlackElo "1890"]
[PlyCount "112"]
[EventDate "2008.10.02"]
[EventType "swiss"]
[EventRounds "5"]
[EventCountry "CAN"]
[SourceTitle "EXT 2011"]
[Source "ChessBase"]
[SourceDate "2010.11.26"]
[SourceVersion "1"]
[SourceVersionDate "2010.11.26"]
[SourceQuality "1"]

1. e4 c5 2. Nc3 d6 3. d3 Nf6 4. g3 Nc6 5. Bg2 Bg4 6. Nge2 g6 7. Be3 Bg7 8. Qd2 0-0 9. 0-0 Qd7 10. Bh6 Bh3 11. Bxg7 Kxg7 12. Nf4 Bxg2 13. Kxg2 Nd4 14. h3 b5 15. Ncd5 Nxd5 16. Nxd5 e6 17. Ne3 a6 18. c3 Nc6 19. f4 f5 20. exf5 exf5 21. Rae1 d5 22. Re2 d4 23. Nd1 Rfe8 24. Rfe1 Rxe2+ 25. Rxe2 Re8 26. Qe1 Rxe2+ 27. Qxe2 Qe7 28. Qxe7+ Nxe7 29. b3 Nd5 30. c4 Nc3 31. cxb5 axb5 32. a4 bxa4 33. bxa4 Nxd1 34. a5 Nc3 35. Kf3 h5 36. g4 h4 37. a6 Nb5 38. g5 Kf7 39. Ke2 Ke7 40. Kd2 Kd7 41. Kc2 Kc6 42. Kb3 Kb6 43. Kc4 Kxa6 44. Kxc5 Ka5 45. Kc4 Ka4 46. Kc5 Kb3 47. Kd5 Kc3 48. Ke5 Kxd3 49. Kf6 Ke3 50. Kxg6 d3 51. Kf6 d2 52. g6 d1Q 53. g7 Qd4+ 54. Kg6 Qxg7+ 55. Kxg7 Kxf4 56. Kg6 Nd4 0-1

[Event "Edmonton Halloween op"]
[Site "Edmonton"]
[Date "2008.10.02"]
[Round "1"]
[White "Laboucane, Randy"]
[Black "Pechenkin, Vladimir"]
[Result "0-1"]
[WhiteElo "1890"]
[BlackElo "2297"]
[PlyCount "62"]
[EventDate "2008.10.02"]
[EventType "swiss"]
[EventRounds "5"]
[EventCountry "CAN"]
[SourceTitle "EXT 2011"]
[Source "ChessBase"]
[SourceDate "2010.11.26"]
[SourceVersion "1"]
[SourceVersionDate "2010.11.26"]
[SourceQuality "1"]

1. d4 f5 2. Bg5 g6 3. Nd2 Bg7 4. c3 h6 5. Bh4 Nf6 6. Bxf6 Bxf6 7. e4 d6 8. Bd3 e6 9. Qe2 Qe7 10. 0-0-0 Nc6 11. Re1 0-0 12. Nh3 e5 13. d5 Nd8 14. f4 Nf7 15. Qf3 Bg7 16. exf5 gxf5 17. Qg3 Bd7 18. Kb1 Rae8 19. Nf3 Qf6 20. Nh4 e4 21. Be2 Rb8 22. Qf2 b5 23. Bh5 b4 24. c4 a5 25. g3 a4 26. Ng2 a3 27. Re2 b3 28. axb3 Rxb3 29. Rd1 Ra8 30. Rdd2 Qc3 31. Re3 a2+ 0-1

[Event "Edmonton Ottosen op"]
[Site "Edmonton"]
[Date "2008.08.28"]
[Round "4"]
[White "Laboucane, Randy"]
[Black "Wang, Richard"]
[Result "1/2-1/2"]
[WhiteElo "1865"]
[BlackElo "1830"]
[PlyCount "42"]
[EventDate "2008.08.07"]
[EventType "swiss"]
[EventRounds "4"]
[EventCountry "CAN"]
[SourceTitle "EXT 2011"]
[Source "ChessBase"]
[SourceDate "2010.11.26"]
[SourceVersion "1"]
[SourceVersionDate "2010.11.26"]
[SourceQuality "1"]

1. d4 Nf6 2. Nf3 e6 3. Bf4 c5 4. e3 Nc6 5. c3 Be7 6. Nbd2 b6 7. Bd3 Bb7 8. Qc2 Rc8 9. a3 d6 10. Rd1 0-0 11. Bg5 h6 12. h4 Ng4 13. d5 Nce5 14. Nxe5 Nxe5 15. Bh7+ Kh8 16. dxe6 fxe6 17. Ne4 Bxe4 18. Qxe4 hxg5 19. hxg5 Bxg5 20. f4 Bh6 21. fxe5 d5 1/2-1/2

[Event "Edmonton Ottosen op"]
[Site "Edmonton"]
[Date "2008.08.21"]
[Round "3"]
[White "Motuz, Vitaly"]
[Black "Laboucane, Randy"]
[Result "0-1"]
[WhiteElo "1797"]
[BlackElo "1865"]
[PlyCount "96"]
[EventDate "2008.08.07"]
[EventType "swiss"]
[EventRounds "4"]
[EventCountry "CAN"]
[SourceTitle "EXT 2011"]
[Source "ChessBase"]
[SourceDate "2010.11.26"]
[SourceVersion "1"]
[SourceVersionDate "2010.11.26"]
[SourceQuality "1"]

1. e4 c5 2. Nf3 d6 3. d4 cxd4 4. c3 Nf6 5. e5 dxe5 6. Nxe5 Qa5 7. Qxd4 e6 8. Be3 Be7 9. Nc4 Qd5 10. Nbd2 Nc6 11. Qf4 0-0 12. 0-0-0 Rd8 13. Be2 e5 14. Qf3 b5 15. Nf1 Qe6 16. Rxd8+ Bxd8 17. Nxe5 Bb7 18. Ng4 Na5 19. Nxf6+ Bxf6 20. Qh5 Qxa2 21. Qxb5 Be4 22. Bd3 a6 23. Qd7 Rd8 24. Qxd8+ Bxd8 25. Bxe4 Nc4 26. Nd2 Qxb2+ 27. Kd1 Nxd2 28. Bxd2 Qa1+ 29. Bc1 Bg5 30. Kc2 Qa4+ 31. Kd3 Qb5+ 32. c4 Qb3+ 33. Ke2 Qxc4+ 34. Bd3 Qg4+ 35. Ke1 Bxc1 36. Be2 Qxg2 37. Rf1 Qd5 38. f3 Be3 39. Rh1 a5 40. Kf1 Qd2 41. h4 a4 42. f4 a3 43. f5 a2 44. f6 a1Q+ 45. Kg2 Qxe2+ 46. Kg3 Qf2+ 47. Kg4 h5+ 48. Kxh5 Qf5# 0-1

[Event "Edmonton op"]
[Site "Edmonton"]
[Date "2008.07.31"]
[Round "5"]
[White "Laboucane, Randy"]
[Black "Wu, Allan"]
[Result "1-0"]
[WhiteElo "1865"]
[BlackElo "1826"]
[PlyCount "37"]
[EventDate "2008.07.03"]
[EventType "swiss"]
[EventRounds "5"]
[EventCountry "CAN"]
[SourceTitle "EXT 2011"]
[Source "ChessBase"]
[SourceDate "2010.11.26"]
[SourceVersion "1"]
[SourceVersionDate "2010.11.26"]
[SourceQuality "1"]

1. d4 Nf6 2. Nf3 g6 3. Nc3 Bg7 4. e4 d6 5. Be3 0-0 6. Qd2 Ng4 7. Bg5 h6 8. Bh4 Re8 9. h3 Nf6 10. 0-0-0 Nfd7 11. e5 Nb6 12. Bd3 c5 13. exd6 Qxd6 14. Bg3 Qd8 15. dxc5 Nd5 16. Bxg6 e6 17. Nxd5 fxg6 18. Nc7 Qf6 19. Be5 1-0

[Event "Edmonton op"]
[Site "Edmonton"]
[Date "2008.07.24"]
[Round "4"]
[White "Laboucane, Randy"]
[Black "Yamach, Ahmet"]
[Result "0-1"]
[WhiteElo "1865"]
[BlackElo "1980"]
[PlyCount "70"]
[EventDate "2008.07.03"]
[EventType "swiss"]
[EventRounds "5"]
[EventCountry "CAN"]
[SourceTitle "EXT 2011"]
[Source "ChessBase"]
[SourceDate "2010.11.26"]
[SourceVersion "1"]
[SourceVersionDate "2010.11.26"]
[SourceQuality "1"]

1. d4 d5 2. Nf3 g6 3. Bf4 Bg7 4. Nc3 c6 5. e3 Bg4 6. Be2 Bxf3 7. Bxf3 Nf6 8. h4 h6 9. Qd3 Na6 10. a3 Nd7 11. Bg4 f5 12. Bh3 e5 13. dxe5 Bxe5 14. 0-0-0 Nac5 15. Qd2 h5 16. Bxe5 Nxe5 17. Qd4 Qd6 18. b4 Ne6 19. Qd2 0-0-0 20. Qe2 Qe7 21. g3 Kb8 22. Rhe1 Nc4 23. Nb1 Nc7 24. c3 Qe5 25. Qd3 a5 26. Qd4 Qe7 27. Bf1 Ne6 28. Qd3 axb4 29. axb4 Kc7 30. Qc2 b5 31. Bxc4 bxc4 32. Na3 Ra8 33. Qb2 Rhb8 34. Nc2 Nc5 35. Re2 Nd3+ 0-1

[Event "Edmonton op"]
[Site "Edmonton"]
[Date "2008.07.17"]
[Round "3"]
[White "Hughey, Micah"]
[Black "Laboucane, Randy"]
[Result "1-0"]
[WhiteElo "2207"]
[BlackElo "1865"]
[PlyCount "93"]
[EventDate "2008.07.03"]
[EventType "swiss"]
[EventRounds "5"]
[EventCountry "CAN"]
[SourceTitle "EXT 2011"]
[Source "ChessBase"]
[SourceDate "2010.11.26"]
[SourceVersion "1"]
[SourceVersionDate "2010.11.26"]
[SourceQuality "1"]

1. e4 c5 2. c3 d6 3. d4 Nf6 4. Bd3 Nc6 5. Nf3 cxd4 6. cxd4 Qb6 7. Nc3 a6 8. h3 e6 9. 0-0 Be7 10. Be3 Qc7 11. d5 Ne5 12. Nxe5 dxe5 13. Rc1 Qd8 14. Na4 Bd6 15. Nb6 exd5 16. Nxa8 d4 17. Nb6 Be6 18. Qa4+ Kf8 19. Bc4 dxe3 20. Bxe6 exf2+ 21. Kh2 Qxb6 22. Rc8+ Ke7 23. Rxh8 fxe6 24. Qc2 Bc5 25. Rc8 Bd4 26. Rc7+ Kf8 27. g4 Ne8 28. Rc8 Ke7 29. Kg2 Kd7 30. Rb8 Nd6 31. Rxf2 Bxf2 32. Qxf2 Qb4 33. Qc2 Qd4 34. Rg8 Ne8 35. Rf8 Ke7 36. Rf2 h5 37. Rd2 Qe3 38. Qd3 Qxd3 39. Rxd3 hxg4 40. hxg4 Nf6 41. Kf3 Ne8 42. Rc3 Kd7 43. Rc5 Kd6 44. Rc8 Kd7 45. Rb8 Nd6 46. Rg8 Ne8 47. g5 1-0

[Event "Edmonton op"]
[Site "Edmonton"]
[Date "2008.07.10"]
[Round "2"]
[White "Stark, Mark"]
[Black "Laboucane, Randy"]
[Result "0-1"]
[WhiteElo "1955"]
[BlackElo "1793"]
[PlyCount "98"]
[EventDate "2008.07.03"]
[EventType "swiss"]
[EventRounds "5"]
[EventCountry "CAN"]
[SourceTitle "EXT 2011"]
[Source "ChessBase"]
[SourceDate "2010.11.26"]
[SourceVersion "1"]
[SourceVersionDate "2010.11.26"]
[SourceQuality "1"]

1. d4 e6 2. c4 b6 3. Nf3 Bb7 4. g3 Be7 5. Bg2 f5 6. Nc3 Nf6 7. 0-0 0-0 8. e4 Nxe4 9. Re1 Bb4 10. Qb3 Bxc3 11. bxc3 Nc6 12. Ba3 Na5 13. Qc2 Rf6 14. c5 Nc4 15. Bc1 bxc5 16. dxc5 Rf8 17. Qa4 Bd5 18. Bf1 Nxc5 19. Qb4 Bxf3 20. Qxc5 Nd6 21. Ba3 Ne4 22. Qxf8+ Qxf8 23. Bxf8 Rxf8 24. Re3 Bh5 25. Bg2 Nd6 26. f4 Rb8 27. Rd3 Rb2 28. Rd4 Rc2 29. c4 Kf7 30. Bf1 Ke7 31. c5 Rxc5 32. Ra4 a5 33. Bg2 Nc8 34. Re1 d6 35. Ra3 Kf6 36. Rae3 e5 37. h3 Bf7 38. a3 e4 39. g4 g6 40. Bf1 d5 41. Rd1 Ne7 42. g5+ Kg7 43. a4 Nc6 44. Rb3 Nb4 45. Rd4 Rc1 46. Kf2 c5 47. Rd2 d4 48. Rxb4 axb4 49. Rb2 e3+ 0-1

[Event "Edmonton op"]
[Site "Edmonton"]
[Date "2008.07.10"]
[Round "2"]
[White "Stark, Mark"]
[Black "Laboucane, Randy"]
[Result "0-1"]
[WhiteElo "1955"]
[BlackElo "1793"]
[PlyCount "43"]
[EventDate "2008.07.03"]
[EventType "swiss"]
[EventRounds "5"]
[EventCountry "CAN"]
[SourceTitle "EXT 2011"]
[Source "ChessBase"]
[SourceDate "2010.11.26"]
[SourceVersion "1"]
[SourceVersionDate "2010.11.26"]
[SourceQuality "1"]

1. d4 e6 2. c4 b6 3. Nf3 Bb7 4. g3 Be7 5. Bg2 f5 6. Nc3 Nf6 7. 0-0 Ne4 8. Re1 Bb4 9. Qb3 Bxc3 10. bxc3 Nc6 11. Ba3 Na5 12. Qc2 c5 13. Bc1 Rf8 14. Qa4 Bd5 15. Bf1 Nd6 16. Ba3 Ne4 17. Bg2 Nd6 18. Bf1 Ke7 19. dxc5 Nc8 20. h3 g6 21. cxd5 g5 22. e3 0-1

[Event "Edmonton CC Reserves"]
[Site "Edmonton"]
[Date "2006.02.09"]
[Round "6"]
[White "Rekhson, Vladislav"]
[Black "Laboucane, Randy"]
[Result "1-0"]
[WhiteElo "2058"]
[BlackElo "1665"]
[PlyCount "71"]
[EventDate "2006.02.10"]
[EventType "swiss"]
[EventRounds "9"]
[EventCountry "CAN"]
[SourceTitle "EXT 2007"]
[Source "ChessBase"]
[SourceDate "2006.11.23"]
[SourceVersion "1"]
[SourceVersionDate "2006.11.23"]
[SourceQuality "1"]

1. e4 c5 2. Nf3 d6 3. d4 cxd4 4. Nxd4 Nf6 5. Nc3 a6 6. Be3 Qc7 7. f3 b5 8. Qd2 e6 9. 0-0-0 Be7 10. g4 h6 11. h4 Nc6 12. Rg1 Rb8 13. g5 hxg5 14. hxg5 Nh5 15. f4 b4 16. Nce2 g6 17. f5 Nxd4 18. Qxd4 e5 19. Qd3 a5 20. Kb1 Bb7 21. Rh1 Rc8 22. Ng3 d5 23. Nxh5 gxh5 24. g6 h4 25. gxf7+ Kf8 26. exd5 Bxd5 27. Qxd5 Qxc2+ 28. Ka1 Rd8 29. Qxd8+ Bxd8 30. Rxd8+ Ke7 31. Bg5+ Kxf7 32. Bc4+ Qxc4 33. Rxh8 a4 34. R8xh4 Qc2 35. Rh7+ Ke8 36. Re7+ 1-0

[Event "Canadian op"]
[Site "Edmonton"]
[Date "2005.07.17"]
[Round "10"]
[White "Laboucane, Randy"]
[Black "Palcic, Branko"]
[Result "1/2-1/2"]
[WhiteElo "1626"]
[BlackElo "1433"]
[PlyCount "81"]
[EventDate "2005.07.09"]
[EventType "swiss"]
[EventRounds "10"]
[EventCountry "CAN"]
[SourceTitle "CBM 107 Extra"]
[Source "ChessBase"]
[SourceDate "2005.09.01"]
[SourceVersion "1"]
[SourceVersionDate "2005.09.01"]
[SourceQuality "1"]

1. d4 e6 2. c4 f5 3. Nc3 Nf6 4. g3 Be7 5. Bg2 0-0 6. Nh3 c6 7. Nf4 d6 8. Nd3 Nbd7 9. e3 e5 10. dxe5 dxe5 11. e4 fxe4 12. Nxe4 Nxe4 13. Bxe4 Nf6 14. Bg2 e4 15. Nf4 Qxd1+ 16. Kxd1 Bg4+ 17. Kc2 Rad8 18. Be3 b6 19. h3 Bc8 20. Rad1 c5 21. Nd5 Nxd5 22. cxd5 Bf5 23. g4 Bg6 24. h4 h6 25. b3 Rd6 26. Rd2 Rfd8 27. h5 Bh7 28. Rhd1 R6d7 29. Bf1 Bd6 30. Bb5 Re7 31. Kc1 Rf7 32. Rg1 Rdf8 33. g5 hxg5 34. Rxg5 Bf4 35. Bxf4 Rxf4 36. h6 Rxf2 37. Rxg7+ Kh8 38. Rxf2 Rxf2 39. d6 Rf6 40. d7 Rd6 41. Re7 1/2-1/2

[Event "Canadian op"]
[Site "Edmonton"]
[Date "2005.07.16"]
[Round "9"]
[White "Dzieciolowski, Piotr"]
[Black "Laboucane, Randy"]
[Result "1-0"]
[WhiteElo "1686"]
[BlackElo "1626"]
[PlyCount "71"]
[EventDate "2005.07.09"]
[EventType "swiss"]
[EventRounds "10"]
[EventCountry "CAN"]
[SourceTitle "CBM 107 Extra"]
[Source "ChessBase"]
[SourceDate "2005.09.01"]
[SourceVersion "1"]
[SourceVersionDate "2005.09.01"]
[SourceQuality "1"]

1. e4 c5 2. Nf3 d6 3. d4 cxd4 4. Nxd4 Nf6 5. Nc3 a6 6. Be2 e6 7. 0-0 Qc7 8. Be3 Bd7 9. f4 Nc6 10. Nb3 b5 11. a3 Be7 12. Bf3 Rc8 13. Qd2 0-0 14. Rad1 Rfd8 15. Bf2 Na5 16. Nxa5 Qxa5 17. Qe3 d5 18. e5 Bc5 19. Qd2 Bxf2+ 20. Rxf2 Ne8 21. Ne2 Qc7 22. Nd4 g6 23. h4 h5 24. g4 hxg4 25. Bxg4 Ng7 26. Rg2 Kf8 27. Qd3 Ke7 28. Qg3 Nf5 29. Bxf5 exf5 30. Qg5+ Ke8 31. h5 Qb6 32. h6 Be6 33. Qf6 Kd7 34. Rxg6 Rg8 35. Rg7 Qd8 36. Qxe6+ 1-0

[Event "Canadian op"]
[Site "Edmonton"]
[Date "2005.07.09"]
[Round "1"]
[White "Gorelik, Lev"]
[Black "Laboucane, Randy"]
[Result "1/2-1/2"]
[WhiteElo "2147"]
[BlackElo "1626"]
[PlyCount "67"]
[EventDate "2005.07.09"]
[EventType "swiss"]
[EventRounds "10"]
[EventCountry "CAN"]
[SourceTitle "CBM 107 Extra"]
[Source "ChessBase"]
[SourceDate "2005.09.01"]
[SourceVersion "1"]
[SourceVersionDate "2005.09.01"]
[SourceQuality "1"]

1. e4 c5 2. Nf3 d6 3. Bb5+ Bd7 4. Qe2 a6 5. Bxd7+ Qxd7 6. Nc3 e6 7. d4 cxd4 8. Nxd4 Nf6 9. 0-0 Nc6 10. Be3 b5 11. f3 Be7 12. Nd1 Ne5 13. c3 0-0 14. Bf2 Rfc8 15. Ne3 Rc7 16. f4 Nc6 17. Ng4 Nxg4 18. Qxg4 Nxd4 19. Bxd4 e5 20. Qxd7 Rxd7 21. Be3 exf4 22. Bxf4 d5 23. Rfd1 Bc5+ 24. Kf1 Rad8 25. exd5 Rxd5 26. Rxd5 Rxd5 27. Ke2 f6 28. a4 g5 29. Bg3 Kf7 30. axb5 axb5 31. Ra5 Bb6 32. Ra6 Bg1 33. Ra1 Bb6 34. Ra6 1/2-1/2